000 00830nam a22002177a 4500
005 20260604112334.0
010 _aB-746549-552 ENG-148734 E.N.A./7.11.22
020 _a9789392099007
_c799.00
035 _aB-746549-552
035 _aEN-132266
037 _bAakar
037 _bDBAD
082 _a954
100 _aJan, Changez
_989293
245 _aForgotten Kings:
_bthe story of the Hindu Sahi Dynasty/
_cChangez Jan
260 _aNew Delhi
_bSimon & Schuster
_c2022
270 _a818, Indraprakash Building, 21, Barakhamba Road,
_bNew Delhi
_e110001
300 _axvii,178p.
_c22cm(hbk)
942 _2ddc
_cEN
_mJAN
_h954
999 _c194254
_d194254